[Event "Titled Tuesday intern op 18th Jul Early"]
[Site "Chess.com INT"]
[Date "2023.07.18"]
[Round "8"]
[White "Buchenau, Frank"]
[Black "Zhang, Eric M"]
[Result "1-0"]
[WhiteElo "2222"]
[BlackElo "2261"]
[PlyCount "51"]
[EventDate "2023.07.18"]
[EventType "swiss (blitz)"]
[EventRounds "11"]
[EventCountry "USA"]
[SourceTitle "EXT 2024"]
[Source "ChessBase"]
[SourceDate "2023.10.10"]
[SourceVersion "1"]
[SourceVersionDate "2023.10.10"]
[SourceQuality "1"]

1. e4 c5 2. Nf3 d6 3. Bb5+ Nd7 4. 0-0 g6 5. Re1 Bg7 6. c3 a6 7. Bf1 Ngf6 8. d4 cxd4 9. cxd4 0-0 10. Nc3 b5 11. e5 Ne8 12. Bf4 Nb6 13. h3 Bb7 14. a4 b4 15. Ne4 Rc8 16. a5 Nd5 17. Bg3 Qd7 18. Qb3 f5 19. exf6 Nexf6 20. Neg5 h6 21. Ne6 Rfe8 22. Bd3 Kf7 23. Nh4 g5 24. Bg6+ Kg8 25. Nf5 Red8 26. Nfxg7 1-0

[Event "Titled Tuesday intern op 18th Jul Early"]
[Site "Chess.com INT"]
[Date "2023.07.18"]
[Round "2"]
[White "Harsh, Suresh"]
[Black "Zhang, Eric M"]
[Result "1-0"]
[WhiteElo "2324"]
[BlackElo "2261"]
[PlyCount "31"]
[EventDate "2023.07.18"]
[EventType "swiss (blitz)"]
[EventRounds "11"]
[EventCountry "USA"]
[SourceTitle "EXT 2024"]
[Source "ChessBase"]
[SourceDate "2023.10.10"]
[SourceVersion "1"]
[SourceVersionDate "2023.10.10"]
[SourceQuality "1"]

1. e4 c5 2. Nc3 d6 3. f4 Nc6 4. Nf3 g6 5. Bc4 Bg7 6. 0-0 e6 7. d3 Nge7 8. Qe1 0-0 9. f5 exf5 10. Qh4 Ne5 11. Bg5 N5c6 12. Nd5 Re8 13. Nf6+ Bxf6 14. Bxf6 h5 15. Qg5 fxe4 16. Qh6 1-0

[Event "Titled Tuesday intern op 18th Jul Early"]
[Site "Chess.com INT"]
[Date "2023.07.18"]
[Round "10"]
[White "Todorovic, Bojan"]
[Black "Zhang, Eric M"]
[Result "1-0"]
[WhiteElo "2195"]
[BlackElo "2261"]
[PlyCount "27"]
[EventDate "2023.07.18"]
[EventType "swiss (blitz)"]
[EventRounds "11"]
[EventCountry "USA"]
[SourceTitle "EXT 2024"]
[Source "ChessBase"]
[SourceDate "2023.10.10"]
[SourceVersion "1"]
[SourceVersionDate "2023.10.10"]
[SourceQuality "1"]

1. d4 Nf6 2. c4 e6 3. Nf3 b6 4. g3 Bb7 5. Bg2 c5 6. d5 exd5 7. Nh4 Nc6 8. cxd5 Nb4 9. Nc3 g6 10. 0-0 Bg7 11. e4 0-0 12. e5 Ne8 13. Re1 Qe7 14. d6 1-0

[Event "Titled Tuesday intern op 09th Aug Late"]
[Site "Chess.com INT"]
[Date "2022.08.09"]
[Round "7"]
[White "Leiva Rodriguez, Jeammarco Giuseppe"]
[Black "Zhang, Eric M"]
[Result "0-1"]
[WhiteElo "2389"]
[BlackElo "2139"]
[PlyCount "116"]
[EventDate "2022.08.09"]
[EventType "swiss (blitz)"]
[EventRounds "11"]
[EventCountry "USA"]
[SourceTitle "EXT 2023"]
[Source "ChessBase"]
[SourceDate "2022.10.05"]
[SourceVersion "1"]
[SourceVersionDate "2022.10.05"]
[SourceQuality "1"]

1. e4 c5 2. Nf3 d6 3. Bb5+ Nd7 4. a4 a6 5. Be2 g6 6. 0-0 Bg7 7. Nc3 Ngf6 8. d4 cxd4 9. Qxd4 0-0 10. Rd1 Qb6 11. Qxb6 Nxb6 12. a5 Nbd7 13. Nd5 Nxd5 14. exd5 Nc5 15. Nd4 Bd7 16. Be3 Rac8 17. Rab1 Na4 18. c3 Nc5 19. f3 Bxd4 20. Bxd4 Bf5 21. Bxc5 Bxb1 22. Bxd6 exd6 23. Rxb1 Rc5 24. c4 Rxa5 25. b4 Ra2 26. Bf1 Rd2 27. Re1 Rb2 28. b5 a5 29. Re7 b6 30. Bd3 a4 31. Ra7 Re8 32. h4 Ra2 33. h5 Kg7 34. h6+ Kxh6 35. Rxf7 a3 36. Ra7 Rd2 37. Rxa3 Re3 38. Ra6 Rdxd3 39. Rxb6 Rc3 40. Rc6 Red3 41. b6 Rd4 42. b7 Rb3 43. Rxd6 Rxc4 44. Rc6 Rd4 45. Rc7 Rxd5 46. Kh2 Rdb5 47. Rd7 Rxb7 48. Rd4 R7b4 49. Rg4 Rxg4 50. fxg4 Kg5 51. g3 h5 52. Kg2 Kxg4 53. Kh2 Rxg3 54. Kh1 h4 55. Kh2 Kf3 56. Kh1 Kf2 57. Kh2 Rf3 58. Kh1 Rh3# 0-1

[Event "Titled Tuesday intern op 09th Aug Late"]
[Site "Chess.com INT"]
[Date "2022.08.09"]
[Round "5"]
[White "Todorovic, Bojan"]
[Black "Zhang, Eric M"]
[Result "0-1"]
[WhiteElo "2176"]
[BlackElo "2139"]
[PlyCount "84"]
[EventDate "2022.08.09"]
[EventType "swiss (blitz)"]
[EventRounds "11"]
[EventCountry "USA"]
[SourceTitle "EXT 2023"]
[Source "ChessBase"]
[SourceDate "2022.10.05"]
[SourceVersion "1"]
[SourceVersionDate "2022.10.05"]
[SourceQuality "1"]

1. d4 Nf6 2. c4 e6 3. Nf3 b6 4. g3 Bb7 5. Bg2 Be7 6. 0-0 0-0 7. Nc3 d6 8. Qc2 Nbd7 9. e4 c5 10. d5 a6 11. dxe6 fxe6 12. Ng5 Qc8 13. Nxe6 Rf7 14. Bh3 b5 15. Nf4 Kh8 16. Ncd5 Bxd5 17. cxd5 Qe8 18. Ne6 Rc8 19. b3 c4 20. b4 c3 21. a3 Rc4 22. f3 Ne5 23. Ng5 Rf8 24. f4 Neg4 25. Bg2 Bd8 26. Ne6 Bb6+ 27. Kh1 Rf7 28. h3 Ne3 29. Bxe3 Bxe3 30. Qd3 Bd2 31. e5 Nd7 32. exd6 Rf6 33. Kh2 Qb8 34. a4 h5 35. axb5 axb5 36. Ra6 h4 37. Rc6 hxg3+ 38. Qxg3 Qg8 39. Rc8 Rxc8 40. Be4 c2 41. Ng5 c1Q 42. Rxc1 Bxf4 0-1

[Event "Titled Tuesday intern op 09th Aug Late"]
[Site "Chess.com INT"]
[Date "2022.08.09"]
[Round "10"]
[White "Zhang, Eric M"]
[Black "Dimitrov, Atanas Valtchev"]
[Result "0-1"]
[WhiteElo "2139"]
[BlackElo "2269"]
[PlyCount "78"]
[EventDate "2022.08.09"]
[EventType "swiss (blitz)"]
[EventRounds "11"]
[EventCountry "USA"]
[SourceTitle "EXT 2023"]
[Source "ChessBase"]
[SourceDate "2022.10.05"]
[SourceVersion "1"]
[SourceVersionDate "2022.10.05"]
[SourceQuality "1"]

1. d4 Nf6 2. c4 g6 3. f3 Bg7 4. e4 d6 5. Nc3 0-0 6. Be3 Nbd7 7. Bd3 e6 8. Nge2 c5 9. d5 Ne5 10. 0-0 b6 11. Kh1 Ba6 12. dxe6 fxe6 13. b3 Qe7 14. f4 Nxd3 15. Qxd3 Bb7 16. Ng3 Rad8 17. Rad1 Kh8 18. Qc2 Ng4 19. Bg1 Bd4 20. Rxd4 cxd4 21. Bxd4+ e5 22. Bg1 exf4 23. Bd4+ Ne5 24. Nge2 Kg8 25. Rxf4 Rxf4 26. Nxf4 Rf8 27. g3 Qf7 28. Qe2 Bc8 29. Nb5 Bg4 30. Qb2 Nd3 31. Nxd6 Nxb2 32. Nxf7 Rxf7 33. Bxb2 Bf3+ 34. Kg1 Bxe4 35. Kf2 g5 36. Ke3 gxf4+ 37. Kxe4 f3 38. Bd4 f2 39. Bxf2 Rxf2 0-1

[Event "Titled Tuesday intern op 02nd Aug Early"]
[Site "Chess.com INT"]
[Date "2022.08.02"]
[Round "4"]
[White "Fernandez Hernandez, Gerardo"]
[Black "Zhang, Eric M"]
[Result "0-1"]
[WhiteElo "2169"]
[BlackElo "2139"]
[PlyCount "108"]
[EventDate "2022.08.02"]
[EventType "swiss (blitz)"]
[EventRounds "11"]
[EventCountry "USA"]
[SourceTitle "EXT 2023"]
[Source "ChessBase"]
[SourceDate "2022.10.05"]
[SourceVersion "1"]
[SourceVersionDate "2022.10.05"]
[SourceQuality "1"]

1. e4 c5 2. d3 d6 3. g3 Nc6 4. Bg2 g6 5. f4 Bg7 6. Nf3 Nf6 7. 0-0 0-0 8. h3 b5 9. g4 Bb7 10. f5 Nd7 11. Qe1 Nde5 12. Qh4 Nxf3+ 13. Rxf3 Nd4 14. Rf2 d5 15. c3 Nc6 16. Bh6 Ne5 17. Bxg7 Kxg7 18. g5 f6 19. Qh6+ Kg8 20. fxg6 Nxg6 21. Nd2 dxe4 22. Nxe4 f5 23. Nf6+ exf6 24. gxf6 Qd7 25. Qg5 Bxg2 26. Rxg2 Qe6 27. h4 Qxf6 28. h5 Qxg5 29. Rxg5 Kf7 30. hxg6+ hxg6 31. Re1 Rae8 32. Rxe8 Rxe8 33. Rg2 Rd8 34. Rd2 Kf6 35. Kf2 g5 36. Kf3 f4 37. Ke4 Re8+ 38. Kd5 f3 39. Kxc5 Re2 40. Rd1 Rxb2 41. d4 f2 42. d5 Ke7 43. Kc6 Rc2 44. d6+ Kd8 45. Rh1 Rxc3+ 46. Kd5 Rd3+ 47. Ke6 Re3+ 48. Kd5 Re1 49. Rh8+ Re8 50. Rh1 Rf8 51. Rf1 g4 52. Ke6 g3 53. Rb1 f1Q 54. Rxb5 Qxb5 0-1

[Event "Titled Tuesday intern op 02nd Aug Early"]
[Site "Chess.com INT"]
[Date "2022.08.02"]
[Round "1"]
[White "Zhang, Eric M"]
[Black "Matinian, Nikita"]
[Result "0-1"]
[WhiteElo "2139"]
[BlackElo "2435"]
[PlyCount "64"]
[EventDate "2022.08.02"]
[EventType "swiss (blitz)"]
[EventRounds "11"]
[EventCountry "USA"]
[SourceTitle "EXT 2023"]
[Source "ChessBase"]
[SourceDate "2022.10.05"]
[SourceVersion "1"]
[SourceVersionDate "2022.10.05"]
[SourceQuality "1"]

1. d4 Nf6 2. c4 g6 3. f3 Bg7 4. e4 0-0 5. Nc3 a6 6. Be3 d6 7. Nge2 Nc6 8. Qd2 Na5 9. Nc1 b5 10. cxb5 axb5 11. Bxb5 c6 12. Bd3 Ba6 13. 0-0 Qb6 14. d5 c5 15. Bxa6 Qxa6 16. b3 Nd7 17. N1e2 Ne5 18. Rab1 Rfb8 19. Bh6 Bh8 20. Bg5 Rb7 21. f4 Nd3 22. Rf3 c4 23. bxc4 Qa7+ 24. Kf1 Rxb1+ 25. Nxb1 Nc5 26. Nbc3 Nxc4 27. Qc1 Qa3 28. Qxa3 Rxa3 29. g3 Nd2+ 30. Kg2 Nxf3 31. Kxf3 Bxc3 32. Nxc3 Rxc3+ 0-1

[Event "Titled Tuesday intern op 02nd Aug Early"]
[Site "Chess.com INT"]
[Date "2022.08.02"]
[Round "6"]
[White "Zhang, Eric M"]
[Black "Putri, Regita Desyari"]
[Result "1-0"]
[WhiteElo "2139"]
[BlackElo "1897"]
[PlyCount "79"]
[EventDate "2022.08.02"]
[EventType "swiss (blitz)"]
[EventRounds "11"]
[EventCountry "USA"]
[SourceTitle "EXT 2023"]
[Source "ChessBase"]
[SourceDate "2022.10.05"]
[SourceVersion "1"]
[SourceVersionDate "2022.10.05"]
[SourceQuality "1"]

1. d4 Nf6 2. c4 e6 3. Nf3 b6 4. g3 Ba6 5. Qc2 Bb4+ 6. Nbd2 0-0 7. Bg2 d5 8. b3 c6 9. Ne5 Bb7 10. 0-0 c5 11. dxc5 Bxc5 12. Bb2 a5 13. Rfd1 Qe7 14. e4 Na6 15. a3 Rac8 16. exd5 exd5 17. Re1 Rfe8 18. Nd3 Qd8 19. Rxe8+ Nxe8 20. Re1 Nd6 21. Nxc5 Nxc5 22. cxd5 Na4 23. Qb1 Nxb2 24. Qxb2 f6 25. Bh3 Rc5 26. Be6+ Kh8 27. b4 axb4 28. axb4 Rb5 29. Qd4 h6 30. Nb1 Bxd5 31. Nc3 Bc6 32. Nxb5 Bxb5 33. Rd1 Qc7 34. Qxd6 Qxd6 35. Rxd6 Kh7 36. Rd8 Kg6 37. Rb8 Bc6 38. Rxb6 Be4 39. Bc4 Kg5 40. Rd6 1-0

[Event "Titled Tuesday intern op 02nd Aug Late"]
[Site "Chess.com INT"]
[Date "2022.08.02"]
[Round "3"]
[White "Zhang, Eric M"]
[Black "Terry, Renato"]
[Result "0-1"]
[WhiteElo "2139"]
[BlackElo "2502"]
[PlyCount "76"]
[EventDate "2022.08.02"]
[EventType "swiss (blitz)"]
[EventRounds "11"]
[EventCountry "USA"]
[SourceTitle "EXT 2023"]
[Source "ChessBase"]
[SourceDate "2022.10.05"]
[SourceVersion "1"]
[SourceVersionDate "2022.10.05"]
[SourceQuality "1"]

1. d4 d5 2. c4 c6 3. Nc3 Nf6 4. Nf3 a6 5. c5 Nbd7 6. Bf4 Nh5 7. e3 g6 8. Bd3 Bg7 9. 0-0 0-0 10. Qc2 f6 11. Ne2 e5 12. dxe5 fxe5 13. Bg5 Qe8 14. e4 d4 15. Nd2 h6 16. Bh4 g5 17. Bg3 a5 18. Nc4 Kh8 19. Nd6 Qg6 20. a3 a4 21. Nf5 Nf4 22. Bxf4 gxf4 23. f3 Ra5 24. b4 axb3 25. Qxb3 Rxc5 26. Ne7 Qd6 27. Nxc8 Rxc8 28. Qxb7 Rb8 29. Qa7 Rb3 30. Qa8+ Bf8 31. Rfd1 Qb8 32. Qxb8 Rxb8 33. a4 Ra5 34. Rdb1 Rba8 35. Rb7 Nc5 36. Rf7 Nxd3 37. Rf6 c5 38. Rc6 Rxa4 0-1

[Event "Seattle Super Masters-A"]
[Site "Seattle"]
[Date "2018.03.04"]
[Round "4"]
[White "Zhang, Eric M"]
[Black "Perez, Ignacio"]
[Result "0-1"]
[WhiteElo "2016"]
[BlackElo "2098"]
[PlyCount "56"]
[EventDate "2018.03.02"]
[EventType "swiss"]
[EventRounds "5"]
[EventCountry "USA"]
[SourceTitle "EXT 2023"]
[Source "ChessBase"]
[SourceDate "2022.10.05"]
[SourceVersion "1"]
[SourceVersionDate "2022.10.05"]
[SourceQuality "1"]

1. d4 Nf6 2. c4 g6 3. f3 Bg7 4. e4 d6 5. Be3 0-0 6. Nc3 Nc6 7. Nge2 Re8 8. d5 Ne5 9. Nc1 e6 10. Be2 exd5 11. cxd5 c6 12. 0-0 cxd5 13. Nxd5 Nxd5 14. Qxd5 Be6 15. Qd2 d5 16. Bb5 dxe4 17. Bxe8 Qxe8 18. Nb3 exf3 19. gxf3 Bh3 20. Bd4 Bxf1 21. Rxf1 Qc6 22. Bxe5 Bxe5 23. Kg2 Qf6 24. Nc5 Bf4 25. Qc2 Rc8 26. Kh1 Qd4 27. Rd1 Qe3 28. Rd3 Rxc5 0-1

[Event "Grand Pacific op 11th"]
[Site "Victoria"]
[Date "2017.04.16"]
[Round "5"]
[White "Hemstapat, Andrew"]
[Black "Zhang, Eric M"]
[Result "1/2-1/2"]
[WhiteElo "1997"]
[BlackElo "1845"]
[PlyCount "81"]
[EventDate "2017.04.14"]
[EventType "tourn"]
[EventRounds "6"]
[EventCountry "CAN"]
[SourceTitle "CBM 178 Extra"]
[Source "ChessBase"]
[SourceDate "2017.06.22"]
[SourceVersion "1"]
[SourceVersionDate "2017.06.22"]
[SourceQuality "1"]

1. e4 c5 2. Nf3 Nc6 3. Nc3 g6 4. Bc4 Bg7 5. 0-0 e6 6. Re1 Nge7 7. d3 0-0 8. e5 a6 9. Bg5 b6 10. Qd2 d5 11. exd6 Qxd6 12. Ne4 Qc7 13. Bh6 Nd5 14. h4 Nce7 15. Bxd5 exd5 16. Bxg7 Kxg7 17. Qc3+ f6 18. Ng3 Qd6 19. d4 Nf5 20. Nf1 Bd7 21. Rad1 c4 22. Qd2 Rfe8 23. g4 Ne7 24. Ne3 Ng8 25. Nh2 Re7 26. Re2 Rae8 27. Rde1 Re4 28. f3 R4e7 29. Kg2 b5 30. a3 Kf7 31. Nhf1 Bc6 32. Kf2 Qf4 33. Ng2 Rxe2+ 34. Rxe2 Rxe2+ 35. Kxe2 Qd6 36. Kf2 Ne7 37. Qh6 Kg8 38. Qd2 Kf7 39. Ng3 Bd7 40. Qa5 Bc8 41. Qd2 1/2-1/2

[Event "Grand Pacific op 11th"]
[Site "Victoria"]
[Date "2017.04.15"]
[Round "3"]
[White "Zhang, Eric M"]
[Black "Chung, Alec"]
[Result "1-0"]
[WhiteElo "1845"]
[BlackElo "1832"]
[PlyCount "113"]
[EventDate "2017.04.14"]
[EventType "tourn"]
[EventRounds "6"]
[EventCountry "CAN"]
[SourceTitle "CBM 178 Extra"]
[Source "ChessBase"]
[SourceDate "2017.06.22"]
[SourceVersion "1"]
[SourceVersionDate "2017.06.22"]
[SourceQuality "1"]

1. d4 Nf6 2. c4 g6 3. f3 d5 4. cxd5 Nxd5 5. e4 Nb6 6. Nc3 Bg7 7. Be3 0-0 8. Qd2 N8d7 9. 0-0-0 c6 10. f4 Nf6 11. h3 Be6 12. Nf3 Bc4 13. Bd3 Qc7 14. Ne5 Bxd3 15. Qxd3 Nfd7 16. Nxd7 Nxd7 17. g4 Rfd8 18. Qc2 Rac8 19. Kb1 Nb6 20. Ne2 a5 21. f5 h6 22. fxg6 fxg6 23. Nf4 Re8 24. Qb3+ Kh7 25. Ne6 a4 26. Qc3 Qd6 27. Nxg7 Kxg7 28. d5+ Kh7 29. Rhf1 Rf8 30. Rxf8 Rxf8 31. Bxb6 cxd5 32. Bc5 Qe6 33. exd5 Qe4+ 34. Qd3 Qe5 35. Qe3 Qxe3 36. Bxe3 Rd8 37. Bc5 e5 38. d6 Rd7 39. Re1 b6 40. Bb4 h5 41. Rxe5 Rd8 42. Re7+ Kh6 43. d7 hxg4 44. hxg4 a3 45. bxa3 g5 46. Bd6 b5 47. Bc7 Rf8 48. Re8 Rf1+ 49. Kc2 Rf2+ 50. Kd3 Rxa2 51. Re6+ Kg7 52. d8Q Rxa3+ 53. Kc2 Ra2+ 54. Kb3 Rf2 55. Qxg5+ Kf8 56. Bd6+ Kf7 57. Qg6# 1-0

[Event "Washington State-chC"]
[Site "Redmond"]
[Date "2017.02.11"]
[Round "2"]
[White "Bishop, Alan"]
[Black "Zhang, Eric M"]
[Result "1/2-1/2"]
[WhiteElo "1862"]
[BlackElo "1679"]
[PlyCount "126"]
[EventDate "2017.02.11"]
[EventType "tourn"]
[EventRounds "9"]
[EventCountry "USA"]
[SourceTitle "EXT 2023"]
[Source "ChessBase"]
[SourceDate "2022.10.05"]
[SourceVersion "1"]
[SourceVersionDate "2022.10.05"]
[SourceQuality "1"]

1. e4 c5 2. Nf3 Nc6 3. d4 cxd4 4. Nxd4 g6 5. Nc3 Bg7 6. Be3 Nf6 7. Bc4 0-0 8. Bb3 d6 9. f3 Nxd4 10. Bxd4 Be6 11. Nd5 Nxd5 12. exd5 Bd7 13. Bxg7 Kxg7 14. Qd4+ Kg8 15. 0-0 Qb6 16. Qxb6 axb6 17. Rfe1 Rfe8 18. Re4 b5 19. Rae1 Kf8 20. R1e3 Rac8 21. g4 Rc5 22. c3 b6 23. Kf2 Bc8 24. Rb4 Ba6 25. Ree4 Rec8 26. Red4 R8c7 27. Ke3 Ke8 28. g5 Kf8 29. Rh4 Kg7 30. Rh6 Rc8 31. Rbh4 Rh8 32. Re4 Re8 33. Reh4 Rh8 34. Rb4 Bb7 35. Rd4 f6 36. f4 Re8 37. Rh3 Bc8 38. Rf3 fxg5 39. fxg5 e5 40. dxe6 Bxe6 41. Re4 d5 42. Re5 d4+ 43. cxd4 Rxe5+ 44. dxe5 Bxb3 45. axb3 Rxe5+ 46. Kf4 Re2 47. h3 Rxb2 48. Ke5 h6 49. gxh6+ Kxh6 50. Kd5 Rc2 51. Kd4 b4 52. Rg3 Rc3 53. Rxc3 bxc3 54. Kxc3 Kh5 55. Kd4 Kh4 56. Ke5 Kxh3 57. Kf6 Kg4 58. Kxg6 Kf4 59. Kf6 Ke4 60. Ke6 Kd4 61. Kd6 b5 62. Kc6 Kc3 63. Kxb5 Kxb3 1/2-1/2